Normal view
MARC view
Entry Personal Name
001 - CONTROL NUMBER
- control field: 39437
003 - CONTROL NUMBER IDENTIFIER
- control field: OSt
005 - DATE AND TIME OF LATEST TRANSACTION
- control field: 20160221130823.0
008 - FIXED-LENGTH DATA ELEMENTS
- fixed length control field: 160221|| aca||aabn | a|a d
040 ## - CATALOGING SOURCE
- Original cataloging agency: OSt
- Transcribing agency: OSt
100 ## - HEADING--PERSONAL NAME
- Personal name: मौर्य श्री बा. ला
670 ## - SOURCE DATA FOUND
- Source citation: Work cat.: (OSt)28235: मौर्य श्री बा. ला , नागरिक अधिकार संरक्षण अधिनियम , 1982









